书目信息 |
| 书名: | Straight on till morning | |
| 作者: | Mary S. Lovell. | |
| 分册号: | ||
| 分册名: | 出版地: | New York : |
|
| 出版社: | St. Martin’s Press | |
| 出版时间: | c1987. | |
| 页数: | xxiv, 408 p., [24] p. of plates : | |
| 开本: | 25 cm. | |
| 丛书名: | ||
| 中图分类号: | ||
| 科图分类号: | ||
| 其他分类号: | K835.61 | |
| 主题词: | ||
| 电子资源: | ||
| 000 | 00992cam a2200289 a 450 | |
| 001 | E0740765015 | |
| 005 | 20070515112450.42 | |
| 008 | 870603s1987 nyuaf b 001 0beng | |
| 010 | @a87016329 | |
| 020 | @a0312010966 :@c$16.95 (est.). | |
| 035 | @A(DLC) 87016329 | |
| 040 | @aDLC@beng@cDLC@dDLC | |
| 050 | 00 | @aTL540.M345@bL68 1987 |
| 082 | 00 | @a629.13/092/4@aB@2 19 |
| 090 | @aK835.61 | |
| 099 | @dK835.61@ex54 | |
| 100 | 1 | @aLovell, Mary S. |
| 245 | 10 | @aStraight on till morning :@bthe biography of Beryl Markham / @cMary S. Lovell. |
| 260 | @aNew York :@bSt. Martin’s Press,@cc1987. | |
| 300 | @axxiv, 408 p., [24] p. of plates :@bill. ;@c25 cm. | |
| 500 | @aIncludes index. | |
| 504 | @aBibliography: p. [391]-393. | |
| 600 | 10 | @aMarkham, Beryl. |
| 650 | 0 | @aWomen air pilots@zGreat Britain@xBiography. |
| 650 | 0 | @aWomen air pilots@zAfrica@xBiography. |
| 906 | @a7@bcbc@corignew@d1@eocip@f19@gy-gencatlg | |
| 991 | @bc-GenColl@hTL540.M345@iL68 1987@tCopy 1@wBOOKS | |
| Straight on till morning : : the biography of Beryl Markham / / Mary S. Lovell.-New York : : St. Martin’s Press, , c1987. |
| xxiv, 408 p., [24] p. of plates : : ill. ; ; 25 cm. |
| Includes index.-Bibliography: p. [391]-393. |
| ISBN 0312010966 :$16.95 (est.). |
| ● |
| 相关链接 |
|
|
|
|
正题名:Straight on till morning
索取号:K835.61/x54
 
预约/预借
| 序号 | 登录号 | 条形码 | 馆藏地/架位号 | 状态 | 备注 |
| 1 | 8966 | 300089669 | 第二样本阅览室/ [索取号:K835.61/x54] | 在馆 |